| 000 | 01063cam a2200325Mu 4500 | ||
|---|---|---|---|
| 002 | 72827 | ||
| 005 | 20230410143451.0 | ||
| 008 | 081014s2008 mx 000 0 spa d | ||
| 035 | _a(OCoLC)ocn427543528 | ||
| 040 |
_aUNAMX _bspa _cUNAMX |
||
| 020 | _a9789682327421 | ||
| 020 | _a9682327423 | ||
| 035 | _a(OCoLC)427543528 | ||
| 001 | 14aGN 495.6bR454 2008 | ||
| 049 | _aGRAL | ||
| 245 | 0 | 0 |
_aRevisitar la etnicidad : _bmiradas cruzadas en torno a la diversidad / _ccoordinado por Daniel Gutiérrez Martínez, Helene Balslev Clausen ; con la colab. de Daniel Gutiérrez Martínez ... [et al.]. |
| 260 |
_aMéxico : _bSiglo XXI, _c2008. |
||
| 300 | _a430 p. | ||
| 440 | 0 | _aSociologia y politica | |
| 500 | _aCoedición con: El Colegio Mexiquense, El Colegio de Sonora. | ||
| 650 | 0 | _aEthnicity. | |
| 650 | 0 | _aCultural pluralism. | |
| 650 | 4 | _aEtnicidad. | |
| 650 | 4 | _aPluralismo cultural. | |
| 700 | 1 |
_aGutiérrez Martínez, Daniel, _eed. |
|
| 700 | 1 |
_aBalslev Clausen, Helene, _eed. |
|
| 942 |
_2lcc _cbk |
||
| 994 |
_aC0 _bDRFGD |
||
| 946 | _aLD | ||
| 999 |
_c102245 _d102245 |
||